000 00251nam a2200097Ia 4500
001 817716
005 20250826171740.0
008 250824s9999 xx 000 0 und d
245 0 _aKUŞLARIN KALBİME DOKUNMAK
_cVURAL KAYA
260 _bKAYALIPARK YAYINLARI
999 _c817716
_d817716